Introduction to Wildlife and Fisheries : (Record no. 379)

MARC details
000 -LEADER
fixed length control field 00988pam a2200277 a 4500
001 - CONTROL NUMBER
control field 2561658
003 - CONTROL NUMBER IDENTIFIER
control field OSt
005 - DATE AND TIME OF LATEST TRANSACTION
control field 20200214154418.0
008 - FIXED-LENGTH DATA ELEMENTS--GENERAL INFORMATION
fixed length control field 950811s1996 nyuab b 001 0 eng
010 ## - LIBRARY OF CONGRESS CONTROL NUMBER
LC control number 95037141
020 ## - INTERNATIONAL STANDARD BOOK NUMBER
International Standard Book Number 0716728168 (softcover)
040 ## - CATALOGING SOURCE
Original cataloging agency DLC
Transcribing agency DLC
Modifying agency DLC
050 00 - LIBRARY OF CONGRESS CALL NUMBER
Classification number QL82
Item number .S3 1996
082 00 - DEWEY DECIMAL CLASSIFICATION NUMBER
Classification number 333.95
Edition number 20
Item number SCA 1998
100 1# - MAIN ENTRY--PERSONAL NAME
Personal name Scalet, Charles G.; Flake, Lester D.; Willis, David W.
9 (RLIN) 981
245 10 - TITLE STATEMENT
Title Introduction to Wildlife and Fisheries :
Remainder of title an integrated approach
246 30 - VARYING FORM OF TITLE
Title proper/short title Wildlife and fisheries
260 ## - PUBLICATION, DISTRIBUTION, ETC. (IMPRINT)
Place of publication, distribution, etc. New York :
Name of publisher, distributor, etc. W.H. Freeman and Co.,
Date of publication, distribution, etc. 1998
300 ## - PHYSICAL DESCRIPTION
Extent xvi, 512 p. :
Other physical details ill., maps ;
Dimensions 25 cm.
504 ## - BIBLIOGRAPHY, ETC. NOTE
Bibliography, etc Includes bibliographical references and index.
650 #0 - SUBJECT ADDED ENTRY--TOPICAL TERM
Topical term or geographic name as entry element Wildlife conservation.
9 (RLIN) 982
650 #0 - SUBJECT ADDED ENTRY--TOPICAL TERM
Topical term or geographic name as entry element Fishes
9 (RLIN) 983
906 ## - LOCAL DATA ELEMENT F, LDF (RLIN)
a 7
b cbc
c orignew
d 1
e ocip
f 19
g y-gencatlg
942 ## - ADDED ENTRY ELEMENTS (KOHA)
Source of classification or shelving scheme Dewey Decimal Classification
Koha item type Short Loan
Holdings
Withdrawn status Lost status Source of classification or shelving scheme Damaged status Not for loan Home library Current library Date acquired Source of acquisition Inventory number Total Checkouts Full call number Barcode Date last seen Koha item type
    Dewey Decimal Classification     MUST Main Library MUST Main Library 09/09/2014 Purchase 02/17230   333.95 SCA 1998 2014-2526 09/09/2014 Short Loan
    Dewey Decimal Classification     MUST Main Library MUST Main Library 09/09/2014 Purchase 02/17234   333.95 SCA 1998 2014-2527 09/09/2014 Short Loan
    Dewey Decimal Classification     MUST Main Library MUST Main Library 09/09/2014 Purchase 02/172232   333.95 SCA 1998 2014-2528 09/09/2014 Short Loan
    Dewey Decimal Classification     MUST Main Library MUST Main Library 16/05/2016 Purchase 02/17233   333.95 SCA 1998 2016-1937 16/05/2016 Short Loan
    Dewey Decimal Classification     MUST Main Library MUST Main Library 14/02/2020 Purchase 02/17231   333.95 SCA 1998 2020-0489 14/02/2020 Open Shelf
    Dewey Decimal Classification     MUST Main Library MUST Main Library 03/02/2023 Purchase 02/17235   333.95 SCA 1998 2023-0098 03/02/2023 Open Shelf